Analýza konštrukcií aplikáciou numerických metód

Saved in:
Bibliographic Details
Main Author: Strigáč, Viktor (Author)
Other Authors: Dický, Jozef (Thesis advisor)
Format: Manuscript Book
Language:Slovak
Published: 2020
Subjects:
Online Access:http://is.stuba.sk/zp/portal_zp.pl?podrobnosti=146072
https://opac.crzp.sk/?fn=detailBiblioForm&sid=C6063C7B07FFACC04C4CEA26C0CD
Tags: Add Tag
No Tags, Be the first to tag this record!

MARC

LEADER 00000ntm a22000003a 4500
001 stuzp72920
003 SK-STU
005 20230609105925.1
007 ta
008 150427s2015----xo-----f-mn---000-0-slo-d
040 |a STU  |b slo 
041 0 |a slo 
100 1 |a Strigáč, Viktor  |u 010250  |4 aut  |U SvF Stavebná fakulta  |T SvF Katedra stavebnej mechaniky  |X 87667  |U V250  |Y 26  |7 87667 
242 0 1 |a Structural Analysis Using Numerical Methods  |y eng 
245 1 0 |a Analýza konštrukcií aplikáciou numerických metód 
260 |c 2020 
650 4 |a deformačná metóda  |2 slo 
650 4 |a 3D priehradový nosník  |2 slo 
650 4 |a programovanie  |2 slo 
650 4 |a 3d truss structure  |2 eng 
650 4 |a programming  |2 eng 
650 4 |a displacement method  |2 eng 
700 1 |a Dický, Jozef  |4 ths  |X 976  |7 A000000976 
856 4 |u http://is.stuba.sk/zp/portal_zp.pl?podrobnosti=146072 
856 4 |u https://opac.crzp.sk/?fn=detailBiblioForm&sid=C6063C7B07FFACC04C4CEA26C0CD